000 00319nam a22001457a 4500
008 230629b ||||| |||| 00| 0 eng d
020 _a9781449675226
041 _aeng
080 _2FOURTH EDITION
_a616.9
082 _a616.9INS
100 _a16
101 _aEGZ
245 _aNUTRITION
_cINSEL.P
942 _2udc
_cBK
999 _c60058
_d60058